Statistiques concernant NBA - Les 10 Candidats MVP 2023/2024

Cliquez ici pour prendre le quiz!

Statistiques générales

  • Ce quiz a été pris 938 fois
    (598 depuis la dernière actualisation)
  • Le résultat moyen est 9 sur 10

Statistiques - réponses

RangFranchiseNationalitéJoueur% Correct
1Denver NuggetsSerbieNikola Jokic
100%
5Boston CelticsÉtats-UnisJayson Tatum
98%
3Dallas MavericksSlovénieLuka Doncic
98%
8Phoenix SunsÉtats-UnisDevin Booker
95%
2Oklahoma City ThunderCanadaShai Gilgeous-Alexander
95%
7Los Angeles LakersÉtats-UnisAnthony Davis
94%
6Sacramento KingsLituanieDomantas Sabonis
92%
4Milwaukee BucksGrèceGiannis Antetokounmpo
91%
9Indiana PacersÉtats-UnisTyrese Haliburton
91%
10New York KnicksÉtats-UnisJalen Brunson
89%

Distribution des résultats

Percentile par nombre de réponses

% des personnes avec chaque résultat

Votre développement - résultats

Vous n’avez pas pris ce quiz depuis la dernière actualisation